000 00344nam a2200133Ia 4500
005 20251222144822.0
008 251222s9999||||xx |||||||||||||| ||spa||
082 _a616.852.7/R93
100 _aRuiz, Alfredo
245 0 _aQue Nos Pasa Cuando Estamos Deprimidos:
250 _a2a.ed.
264 _bInstituto de Terapia Cognitiva
942 _cLIB
999 _c20506
_d20506